00441nam a2200181Ia 4500008004100000020001400041245003600055245003100091260001500122260001600137260000900153300001500162300002500177300001000202440002000212500000800232999001900240170705s9999 xx 000 0 und d a439082390 aAmelia Bedelia's family album / cPeggy Parish ; Lynn Sweat. aNew York : bScholastic, c1999 a48 pages : bcolor illustration ; c22cm. aAmelia Bedelia. a170 c335282d335282